Les meilleurs séries de tous les temps - Statistiques

Statistiques générales
  • Ce quiz a été pris 311 fois
  • Le résultat moyen est 11 sur 100
Statistiques - réponses
Dates de sorties Séries % Correct
2008 Breaking Bad
73%
2011 Game of Thrones
64%
1994 Friends
60%
2010 The Walking Dead
57%
2016 Stranger Things
56%
2005 Prison Break
54%
2017 La Casa De Papel
50%
2004 Lost
30%
2013 Peaky Blinders
30%
2013 Vikings
28%
2005 Grey's Anatomy
25%
2007 Gossip Girl
24%
2015 Narcos
22%
2007 The Big Bang Theory
22%
2006 Dexter
19%
2005 How I Met Your Mother
19%
2010 Sherlock
16%
2005 The Office
16%
2021 Chernobyl
15%
1989 Simpsons
14%
2015 Better Call Saul
13%
2017 Dark
13%
2016 The Crown
13%
2011 Black Mirror
12%
2006 Naruto
12%
1999 One Piece
12%
1994 Urgences
12%
2020 Le jeu de la dame
11%
2002 The Wire
11%
2002 The wire
11%
2021 Arcane
10%
1997 Buffy Contre Les Vampires
10%
2013 House of Cards
10%
2011 Hunter X Hunter
10%
2000 Malcom
10%
2013 Rick et Morty
10%
2019 The Boys
10%
1989 Dragon Ball Z
9%
1999 Sopranos
9%
1994 Squid Games
9%
1993 X-Files
9%
2014 Les 100
8%
2011 Shameless
8%
1997 South Park
7%
1990 Twin Peaks
7%
2009 Modern Family
6%
2006 Death Note
5%
2015 Le Bureau des Légendes
5%
2007 Mad Men
5%
1966 Star Trek
5%
2011 The Bridge
5%
2014 True Detective
5%
2013 Attaque des Titans
4%
2014 Fargo
4%
2018 Manifest
4%
2022 Severance
4%
1998 Sex and the City
4%
2015 The Last Kingdom
4%
2014 The Leftovers
4%
2017 Young Sheldon
4%
2001 24 Heures Chrono
3%
2013 Banshee
3%
2014 BoJack Horseman
3%
2019 Dans leur regard
3%
1999 Family Guy
3%
2015 Fear The Walking Dead
3%
2011 Homeland
3%
2003 Mon Oncle Charlie
3%
2020 Normal People
3%
2018 Succession
3%
2002 Sur écoute
3%
2020 Ted Lasso
3%
2016 The OA
3%
2016 Fleabag
2%
2013 Orange is a new black
2%
1989 Seinfeld
2%
2023 Utopia
2%
2020 Alice In Bordeland
1%
2004 Battlestar Galactica
1%
2004 Deadwood
1%
2001 Frères d'armes
1%
1974 Happy Days
1%
2000 Larry et son Nombril
1%
1975 Lhôtel En Folie
1%
1970 M*A*S*H
1%
2017 Money Heis
1%
2009 Parks and Recreation
1%
2001 Six Pieds sous Terre
1%
2020 The Last Dance
1%
1999 The West Wing
1%
2006 30 Rock
0%
2016 Atlanta
0%
1957 I Love Lucy
0%
1958 La Quatrième Dimensions
0%
1985 Moonlighting
0%
1988 Murphy Brown
0%
2010 The Americains
0%
1985 The Golden Girls
0%
2012 Veep
0%
Aucun quiz correspondant
Distribution des résultats
% des personnes avec chaque résultat
Percentile par nombre de réponses
Votre historique - résultats
Vous n’avez pas pris ce quiz